000 00608nam a2200229Ia 4500
003 GCL
008 140319s9999 xx 000 0 eng d
040 _aGCL /
_cGCL
082 0 4 _a743
_bA C
100 1 _aTATCHELL, JUDY
245 1 0 _aCOMPLETE BOOK OF DRAWING /
_cTATCHELL, JUDY
700 1 _aSMITH, ALASTAIR
260 _a[S.N] :
_bUSBORNE PUBLISHING LTD ،
_c1993
300 _a128
650 0 4 _aDRAWING
650 0 4 _aDRAWING AND DRAWING BY SUBJECT
650 0 4 _aDRAWING HUMAN FIGURES
650 0 4 _aDRAWING PLANTS
650 0 4 _aDRAWING TECHNIQUE
650 0 4 _aDRAWING ANIMAL
942 _2ddc
_cBK
999 _c23833
_d23833